Gray's anatomy: the anatomical basis of medicine and surgery.

Furkejuvvon:
Bibliográfalaš dieđut
Eará dahkkit: Bannister Lawrence H., Berry Martin M., Collins Patricia, Dyson Mary, Dussek Julian E., Ferguson Mark W. J.
Materiálatiipa: Girji
Giella:eaŋgalasgiella
Almmustuhtton: New York Churchill Livingstone 1995
Preanttus:38th ed.
Fáttát:
Fáddágilkorat: Lasit fáddágilkoriid
Eai fáddágilkorat, Lasit vuosttaš fáddágilkora!

MARC

LEADER 00000nam a22000007a 4500
003 KE-NaDUL
005 20221001020005.0
008 210521b xxu||||| |||| 00| 0 eng d
952 |0 0  |1 0  |2 lcc  |4 0  |6 QM00232 W55 01995  |7 0  |8 GC  |9 128752  |a DUA  |b DUA  |c OS  |d 2021-05-21  |e Donation  |l 14  |o QM23.2.W55 1995  |p BK0109010  |r 2026-02-25 15:01:17  |s 2026-02-25  |w 2021-05-21  |x 109010  |y RES 
999 |c 203213  |d 203213 
020 |a 9780443045608 
040 |a DUL  |c DUL  |d DWaswala 
245 |a Gray's anatomy:  |b the anatomical basis of medicine and surgery.  |c Peter L. Williams; Lawrence H. Bannister; Martin M. Berry; Patricia Collins; Mary Dyson; Julian E. Dussek & Mark W. J. Ferguson 
250 |a 38th ed. 
260 |a New York  |b Churchill Livingstone  |c 1995 
300 |a xx, 2092 p.  |b ill. (some color)  |c 31 cm 
541 |a USA  |c Donation  |d Feb. 2021  |h Ksh. 3500 
650 |a Human anatomy  |9 818 
650 |a Anatomy  |9 9268 
700 |a Bannister Lawrence H.   |9 9269 
700 |a Berry Martin M.   |9 9270 
700 |a Collins Patricia   |9 9271 
700 |a Dyson Mary   |9 9272 
700 |a Dussek Julian E.   |9 9273 
700 |a Ferguson Mark W. J.   |9 9274 
942 |2 lcc  |c G  |h QM23.2  |i .W55  |k OS  |m 1995  |0 1  |6 QM00232 W55